00489nam a22001457a 4500041000800000082001600008100001400024245009200038260002600130300000700156650004900163942000900212952010500221999001700326 aENG a340.59bWAT aWatitoshi aA Study on the Concept of Polygamy in Islam and its Implication on Indian Muslim Family aHyderabadbARRCc2024 a93 aIslamic-Law | Polygamy-IslamaPolygamy-Islam cTHES 00104070aHMIbHMIcREFd2024-07-30eStudentl0o340.59 WATp11-4854r2024-07-30w2024-07-30yTHES c23498d23498